Double R Vocabulary Words - Statistics

General Stats
  • This quiz has been taken 35,699 times
    30,668 since last reset
  • The average score is 12 of 22
Answer Stats
Definition Word % Correct
What's inside bones Marrow
92%
Sound made by a cat Purr
91%
To make a mistake Err
89%
Building for soldiers Barracks
78%
Place where stone is mined Quarry
71%
Foot rest for a horse rider Stirrup
70%
British word for truck Lorry
68%
Long silver fish with sharp teeth Barracuda
56%
Infertile Barren
56%
Type of British lawyer Barrister
53%
Cloud type that is high and wispy Cirrus
53%
To deflect a blow in fencing Parry
44%
To redraw voting districts in a convoluted, unfair way Gerrymander
40%
Oily fish used to make kippers Herring
40%
What vultures eat Carrion
39%
To strangle using a wire Garrote
39%
Irregular heartbeat Arrhythmia
38%
A violent flow of water Torrent
35%
Circular enclosure for livestock Corral
26%
Conceited; haughty Arrogant
25%
Framework constructed over an oil well Derrick
25%
Type of fortified Spanish wine Sherry
23%
No matching quizzes found
Score Distribution
Percent of People with Each Score
Percentile by Number Answered
Your Score History
You have not taken this quiz since the last reset